| 000 | 00957cam a2200301 a 4500 | ||
|---|---|---|---|
| 001 | 2756 | ||
| 005 | 20240112115858.0 | ||
| 020 | _a9780545093101 | ||
| 020 | _a9780545093118 | ||
| 020 | _a0545093104 | ||
| 040 |
_aDLC _cDLC _dDLC _beng |
||
| 050 | 0 | 0 |
_aPZ7.L3274 _bLo 2010 |
| 082 | 0 | 0 |
_a813.6 _222 |
| 100 | 1 | _aLasky, Kathryn | |
| 245 | 1 | 0 |
_aLone wolf / _cKathryn Lasky |
| 250 | _aThis edition first printing, April 2011 | ||
| 260 |
_aNew York : _bScholastic Press, _c2010. |
||
| 300 |
_a219 pages : _bmap ; _c20 cm |
||
| 490 | 0 |
_aWolves of the Beyond ; _vBook 1 |
|
| 505 | _aV | ||
| 520 | _aAbandoned by his pack, a baby wolf with a mysterious mark on his deformed paw survives and embarks on a journey that will change the world of the wolves of the Beyond. | ||
| 521 |
_a890 _bLexile |
||
| 521 |
_aV _bRaz-Plus |
||
| 650 | 1 |
_aWolves _vFiction. |
|
| 650 | 1 | _aFantasy. | |
| 906 |
_a7 _bcbc _corignew _d1 _eecip _f20 _gy-gencatlg |
||
| 942 |
_2ddc _cBK _n0 |
||
| 999 |
_c2756 _d2756 |
||